| 000 | 00713cam a2200229 i 4500 | ||
|---|---|---|---|
| 001 | 3244399 | ||
| 005 | 20250609144139.0 | ||
| 008 | 800529r19801914miu b 001 0 eng | ||
| 020 |
_a0825421306 (pbk.) : _c$3.95 |
||
| 050 | 0 | 0 |
_aBT885 _b.A53 1980 |
| 082 | 0 | 0 | _a236/.3 |
| 100 | 1 |
_aAnderson, Robert, _d1841-1918. |
|
| 245 | 1 | 0 |
_aForgotten truths / _cby Sir Robert Anderson. |
| 250 | _a[2d ed.] | ||
| 260 |
_aGrand Rapids, Mich. : _bKregel Publications, _cc1980. |
||
| 300 |
_axiv, 150 p. ; _c20 cm. |
||
| 500 | _aReprint of the 1914 ed. published by J. Nisbet, London. | ||
| 500 | _a"Sir Robert Anderson library." | ||
| 650 | 0 | _aSecond Advent. | |
| 650 | 0 |
_aJews _xElection, Doctrine of. |
|
| 942 |
_2lcc _cBK _n0 |
||
| 999 |
_c6358 _d6358 |
||